000 00721nam a2200289Ia 4500
005 20260324124443.0
008 008 260324s9999 xx 000 0 eng d
020 _a9781315702797
037 _aEBOOK
040 _aCRL
040 _beng
040 _cCRL
041 _2eng
041 _aeng
084 _qCRL
100 _aDaphne T Greenwood; Richard P F Holt
_91174219
245 0 _aLocal Economic Development in the 21st Centur
245 0 _bQuality of Life and Sustainability
260 _bTaylor and Francis
260 _c2010
365 _a
365 _b290
856 _uhttp://www.taylorfrancis.com/books/9781315702797
942 _cEBOOK
999 _c1768603
_d1768603